| 000 | 00819nam a22002417a 4500 | ||
|---|---|---|---|
| 003 | OSt | ||
| 005 | 20210325135929.0 | ||
| 008 | 210325s2010 pe ao||gr|||| 00| 0 spa d | ||
| 020 |
_a9789568631055 _qColección |
||
| 020 |
_a9789568631109 _qV. 5 |
||
| 040 |
_aCO-JMCR _cCO-JMCR |
||
| 041 | 0 | _aspa | |
| 082 | 0 | 4 |
_aR / 036.1 / _bH711g _221 |
| 100 | 1 |
_aHoffmann, Gudrun, _eautor _936545 |
|
| 245 | 1 | 0 |
_aGran enciclopedia del saber / _cGudrun Hoffmann, Ute Kleinelümern, Hans W.Kothe |
| 260 |
_aLima : _bNational Geographic, _c2010 |
||
| 300 |
_a16 volúmenes : _bilustraciones y fotografías a color ; _c27 cm. |
||
| 505 | 2 |
_gV.5. _tPlantas y animales |
|
| 650 | 0 | 4 |
_aEnciclopedias y diccionarios _92047 |
| 700 | 1 |
_aKleinelümern, Ute, _eautor _936546 |
|
| 700 | 1 |
_aKothe, Hans W., _eautor _936547 |
|
| 942 |
_2ddc _cBK |
||
| 999 |
_c15498 _d15498 |
||